| 000 | 01059nam a22002537a 4500 | ||
|---|---|---|---|
| 003 | SISC | ||
| 005 | 20180206111918.0 | ||
| 008 | 180206b xxu||||| |||| 00| 0 eng d | ||
| 050 |
_aQE 26.2 _b.D47 |
||
| 100 | _ade Silva, Leopoldo | ||
| 245 |
_aEarth science: _bcore subject / _cLeopoldo de Silva, Catherine C. Abon, Alfonso Vincent A. Guzman II, Ernesto Ancheta Dizon Jr., Zoraida S. Dizon, Eddie L. Listanco. |
||
| 260 |
_aQuezon City: _bCommission on Higher Education, _c2016. |
||
| 300 |
_a379 pages: _billustrations; _c28 cm. |
||
| 440 | _aTeaching guide for senior high school | ||
| 500 | _aThis teaching guide by the Commission on Higher Education is licensed under a Creative Commons Attribution-NonCommercial-ShareAlike 4.0 International License. | ||
| 650 |
_2Library of Congress Subject Headings _aEarth sciences |
||
| 700 | _aAbon, Catherine C. | ||
| 700 | _aListanco, Eddie L. | ||
| 700 | _aDizon, Zoraida S. | ||
| 700 | _aGuzman, Alfonso Vincent A. II | ||
| 700 | _aDizon, Ernesto Ancheta Jr. | ||
| 942 |
_2lcc _cBK |
||
| 999 |
_c354966 _d354966 |
||